000 00619nam a22001937a 4500
999 _c169449
_d169449
005 20191120155351.0
010 _aENG-126942
020 _c499.00
_a9789389231373
035 _aEN-110474
037 _bDBAD/PUB
082 _a327
100 _aBruno, Greg C.
245 _aBlessings from Beijing :
_cby Greg C. Bruno
_binside China's war on Tibet in exile /
260 _bSpeaking Tiger
_c2019
_aNew Delhi
270 _a4381/4 Ansari Road, Daryaganj
_e110002
_bNew Delhi
300 _axix;222p.
_c21cm(pbk)
500 _aIncludes bibliographical references and index
942 _2ddc
_cEN
_h327
_mBRU